[Event "EU-ch Amateur Online 1700/2000"]
[Site "Tornelo INT"]
[Date "2021.04.24"]
[Round "1"]
[White "Karagiannis, Thomas Aristotelis"]
[Black "Mustonen, Ilkka"]
[Result "1-0"]
[WhiteElo "1760"]
[BlackElo "1996"]
[PlyCount "29"]
[EventDate "2021.04.24"]
[EventType "swiss (rapid)"]
[EventRounds "8"]
[EventCountry "NET"]
[SourceTitle "EXT 2023"]
[Source "ChessBase"]
[SourceDate "2022.10.05"]
[SourceVersion "1"]
[SourceVersionDate "2022.10.05"]
[SourceQuality "1"]

1. d4 d5 2. Bf4 c5 3. e3 cxd4 4. exd4 Nc6 5. c3 Nf6 6. Nf3 a6 7. Bd3 Bg4 8. Nbd2 e6 9. 0-0 Bd6 10. Bxd6 Qxd6 11. Qe2 0-0 12. h3 Bh5 13. g4 Bg6 14. Bxg6 hxg6 15. Rae1 1-0

[Event "EU-ch Amateur Online 1700/2000"]
[Site "Tornelo INT"]
[Date "2021.04.24"]
[Round "3"]
[White "Karagiannis, Thomas Aristotelis"]
[Black "Novak, Frantisek"]
[Result "1-0"]
[WhiteElo "1760"]
[BlackElo "1984"]
[PlyCount "55"]
[EventDate "2021.04.24"]
[EventType "swiss (rapid)"]
[EventRounds "8"]
[EventCountry "NET"]
[SourceTitle "EXT 2023"]
[Source "ChessBase"]
[SourceDate "2022.10.05"]
[SourceVersion "1"]
[SourceVersionDate "2022.10.05"]
[SourceQuality "1"]

1. d4 Nf6 2. Bg5 d5 3. Bxf6 exf6 4. e3 Bf5 5. Bd3 Bxd3 6. Qxd3 c6 7. c4 Bb4+ 8. Nc3 0-0 9. Nge2 Nd7 10. cxd5 cxd5 11. 0-0 Nb6 12. a3 Bxc3 13. Nxc3 Qd7 14. Rfc1 Rac8 15. Rc2 a6 16. Rac1 f5 17. g3 Rc6 18. Ne2 Rxc2 19. Rxc2 g6 20. Nf4 Rc8 21. Rxc8+ Qxc8 22. Qb3 Qc1+ 23. Kg2 Nc4 24. Nxd5 Nd2 25. Qd3 Qxb2 26. Nc3 Nb3 27. Na4 b5 28. Nxb2 1-0

[Event "GRE-ch Online Blitz op 1st"]
[Site "Tornelo INT"]
[Date "2021.02.07"]
[Round "1"]
[White "Giannakouras, Angelos"]
[Black "Karagiannis, Thomas Aristotelis"]
[Result "1-0"]
[WhiteElo "1138"]
[BlackElo "1760"]
[PlyCount "78"]
[EventDate "2021.02.07"]
[EventType "swiss (blitz)"]
[EventRounds "16"]
[EventCountry "GRE"]
[SourceTitle "EXT 2023"]
[Source "ChessBase"]
[SourceDate "2022.10.05"]
[SourceVersion "1"]
[SourceVersionDate "2022.10.05"]
[SourceQuality "1"]

1. d4 Nf6 2. c4 e6 3. Nf3 c5 4. g3 cxd4 5. Nxd4 Nc6 6. Bg2 Bc5 7. e3 0-0 8. Nc3 a6 9. a3 d5 10. 0-0 Bxd4 11. cxd5 Bxc3 12. dxc6 bxc6 13. bxc3 Qxd1 14. Rxd1 Bb7 15. Rb1 Rab8 16. a4 a5 17. Ba3 Rfe8 18. Bd6 Rbd8 19. Rxb7 Nd5 20. c4 Rxd6 21. cxd5 cxd5 22. Rc1 g6 23. Rcc7 Rf8 24. Ra7 e5 25. Rxa5 d4 26. exd4 exd4 27. Rd5 Rxd5 28. Bxd5 Rd8 29. Bxf7+ Kf8 30. Be6 d3 31. Rd7 Re8 32. Bb3 Re1+ 33. Kg2 d2 34. Rxd2 Rb1 35. Bd5 Ke7 36. Ra2 Rb6 37. a5 Rd6 38. Bf3 Rd8 39. a6 Kd6 1-0

[Event "GRE-ch Online Blitz op 1st"]
[Site "Tornelo INT"]
[Date "2021.02.07"]
[Round "11"]
[White "Lagaras, Stylianos"]
[Black "Karagiannis, Thomas Aristotelis"]
[Result "1-0"]
[WhiteElo "1550"]
[BlackElo "1760"]
[PlyCount "95"]
[EventDate "2021.02.07"]
[EventType "swiss (blitz)"]
[EventRounds "16"]
[EventCountry "GRE"]
[SourceTitle "EXT 2023"]
[Source "ChessBase"]
[SourceDate "2022.10.05"]
[SourceVersion "1"]
[SourceVersionDate "2022.10.05"]
[SourceQuality "1"]

1. d4 d5 2. c4 c6 3. Nc3 Nf6 4. Nf3 a6 5. a4 e6 6. Bg5 Nbd7 7. e3 Qa5 8. Be2 Ne4 9. 0-0 Nxc3 10. bxc3 Qxc3 11. c5 Qa5 12. Qc2 Be7 13. Rfb1 Bxg5 14. Nxg5 h6 15. Nxf7 Kxf7 16. Bh5+ Ke7 17. Qg6 Rf8 18. Qxg7+ Kd8 19. Qxh6 Qd2 20. Qg5+ Kc7 21. Qg3+ Kd8 22. h4 Qc2 23. Bg6 Qe2 24. h5 Rf6 25. h6 Nf8 26. h7 Nxg6 27. Qxg6 Rxg6 28. h8Q+ Kc7 29. Qh7+ Bd7 30. Qxg6 Rf8 31. Rf1 Rf5 32. Rab1 e5 33. Qd6+ Kc8 34. dxe5 Rg5 35. e6 Rxg2+ 36. Kxg2 Qg4+ 37. Qg3 Qe4+ 38. Kg1 Bxe6 39. Rbd1 Bg4 40. Rd4 Bf3 41. Rxe4 dxe4 42. Qd6 a5 43. Rb1 Be2 44. Kh2 Bd3 45. Rb2 b5 46. cxb6 Kb7 47. Qc7+ Ka6 48. Qa7# 1-0

[Event "Thessaloniki White Tower op 42nd"]
[Site "Thessaloniki"]
[Date "2020.01.02"]
[Round "1"]
[White "Karagiannis, Thomas Aristotelis"]
[Black "Kukov, Velislav"]
[Result "0-1"]
[WhiteElo "1717"]
[BlackElo "2349"]
[PlyCount "118"]
[EventDate "2020.01.02"]
[EventType "swiss"]
[EventRounds "9"]
[EventCountry "GRE"]
[SourceTitle "CBM 194 Extra"]
[Source "ChessBase"]
[SourceDate "2020.03.31"]
[SourceVersion "1"]
[SourceVersionDate "2020.03.31"]
[SourceQuality "1"]

1. d4 Nf6 2. Bg5 Ne4 3. Bf4 d5 4. e3 c5 5. Bd3 Nc6 6. c3 Qb6 7. Bxe4 dxe4 8. Qb3 Qxb3 9. axb3 e6 10. Na3 cxd4 11. Nb5 Kd8 12. exd4 Bd7 13. Nd6 Bxd6 14. Bxd6 Ne7 15. Ne2 Nc8 16. Bb4 Bc6 17. h4 b6 18. c4 a5 19. Bc3 Ke7 20. Rh3 Nd6 21. g4 f6 22. Bd2 h5 23. g5 e5 24. gxf6+ gxf6 25. dxe5 fxe5 26. Bg5+ Ke6 27. Rc3 Nf5 28. 0-0-0 Rh7 29. Ng3 Nd4 30. Re3 Rf8 31. Nxe4 Bxe4 32. Rxe4 Nxb3+ 33. Kc2 Nc5 34. Re2 Rd7 35. Rxd7 Nxd7 36. f4 Rc8 37. b3 b5 38. Kc3 bxc4 39. bxc4 Kf5 40. Ra2 Nb6 41. Rxa5 Nxc4 42. Ra7 Nd6+ 43. Kd3 e4+ 44. Ke2 Kg4 45. Re7 Rc2+ 46. Kd1 Rc4 47. Re5 Nf5 48. Kd2 Ra4 49. Rc5 Ra2+ 50. Kc3 e3 51. Re5 e2 52. Kd3 Kf3 53. Be7 Nxe7 54. Rxe7 Kf2 55. f5 e1Q 56. Rxe1 Kxe1 57. Ke4 Ra4+ 58. Ke5 Rxh4 59. f6 Ra4 0-1

[Event "Thessaloniki Vardaris op 4th"]
[Site "Thessaloniki"]
[Date "2018.02.17"]
[Round "3"]
[White "Karagiannis, Thomas Aristotelis"]
[Black "Alexiadis, Hristos"]
[Result "0-1"]
[WhiteElo "1753"]
[BlackElo "2262"]
[PlyCount "108"]
[EventDate "2018.02.15"]
[EventType "swiss"]
[EventRounds "7"]
[EventCountry "GRE"]
[SourceTitle "CBM 183 Extra"]
[Source "ChessBase"]
[SourceDate "2018.04.19"]
[SourceVersion "1"]
[SourceVersionDate "2018.04.19"]
[SourceQuality "1"]

1. d4 Nf6 2. Bg5 d5 3. Nd2 c6 4. Bxf6 exf6 5. e3 Bd6 6. g3 0-0 7. Bg2 f5 8. Ne2 Nd7 9. 0-0 Nf6 10. c4 dxc4 11. Nxc4 Bc7 12. Nc3 Be6 13. Qe2 Re8 14. Rfd1 Qd7 15. Ne5 Qe7 16. Nd3 Rad8 17. Nc5 Bc8 18. Rd2 Ng4 19. Re1 Qd6 20. h3 Nf6 21. b4 b6 22. Nd3 Ne4 23. Rc2 Ba6 24. b5 Nxc3 25. Rxc3 Bxb5 26. Qc2 Qd7 27. Bxc6 Bxc6 28. Rxc6 Bb8 29. Rc1 f4 30. Nxf4 Bxf4 31. gxf4 Qxh3 32. Qc4 h6 33. d5 Qg4+ 34. Kf1 Qf3 35. d6 Rxe3 36. Kg1 Qg4+ 37. Kf1 Qf3 38. Kg1 Re6 39. d7 Rxc6 40. Qxc6 Qxc6 41. Rxc6 Rxd7 42. Kg2 Kh7 43. Rc4 Kg6 44. Kg3 Rd3+ 45. f3 Ra3 46. Rc2 f6 47. Rd2 Ra4 48. Kg4 Ra5 49. Rb2 h5+ 50. Kh4 Kf5 51. Kxh5 Kxf4+ 52. Kg6 Kxf3 53. Kxg7 f5 54. Kf6 f4 0-1

[Event "Thessaloniki op"]
[Site "Thessaloniki"]
[Date "2010.04.09"]
[Round "6"]
[White "Karagiannis, Thomas Aristotelis"]
[Black "Galopoulos, Nikolaos"]
[Result "0-1"]
[WhiteElo "1614"]
[BlackElo "2333"]
[PlyCount "92"]
[EventDate "2010.04.04"]
[EventType "swiss"]
[EventRounds "9"]
[EventCountry "GRE"]
[SourceTitle "CBM 135 Extra"]
[Source "ChessBase"]
[SourceDate "2010.05.04"]
[SourceVersion "1"]
[SourceVersionDate "2010.05.04"]
[SourceQuality "1"]

1. d4 Nf6 2. Bg5 d5 3. Nd2 c6 4. Bxf6 exf6 5. e3 Bd6 6. g3 Qb6 7. Rb1 Bf5 8. Ne2 0-0 9. Bg2 Re8 10. 0-0 Bg4 11. Re1 Bf5 12. Qc1 Nd7 13. Ra1 Qa6 14. Nc3 Bg6 15. e4 dxe4 16. Ncxe4 Bf8 17. Nb3 f5 18. Nc3 Rxe1+ 19. Qxe1 f4 20. Qd2 fxg3 21. hxg3 Nf6 22. Re1 Rd8 23. Qe2 Qb6 24. Ne4 Nxe4 25. Bxe4 Re8 26. Qf3 f5 27. Bd5+ cxd5 28. Rxe8 Bxe8 29. Qxd5+ Bf7 30. Qxf5 Qa6 31. Nc5 Qxa2 32. Nd7 Qe6 33. Qxe6 Bxe6 34. Nxf8 Kxf8 35. Kf1 Bf5 36. c3 Bd3+ 37. Ke1 Ke7 38. Kd2 Bc4 39. Kc2 b5 40. b3 Be6 41. Kb2 g5 42. Ka3 a5 43. c4 bxc4 44. bxc4 Bxc4 45. Ka4 h5 46. Kxa5 h4 0-1